| 000 | 00603nam a22002057a 4500 | ||
|---|---|---|---|
| 999 |
_c4648 _d4648 |
||
| 003 | AR-CdUCM | ||
| 008 | 190311b ||||| |||| 00| 0 spa d | ||
| 040 |
_aMUNICIPALIDAD PROVINCIAL DEL CUSCO _cBIBLIOTECA MUNICIPAL DEL CUSCO |
||
| 041 | _heng | ||
| 082 |
_a920 / _bB25 |
||
| 100 |
_aBarrymore, Diana _914476 |
||
| 245 | _aDemasiado, Demasiado Pronto / | ||
| 260 |
_aEspaña : _c1960. |
||
| 300 |
_a387 páginas ; _bFotografías _c20cm |
||
| 505 | _aContenido : Literatura | ||
| 700 |
_aFrank, Gerold _914477 |
||
| 700 |
_aCarald, Luis de (editor) _914478 |
||
| 942 |
_2ddc _cLIBROS |
||
| 945 | _anom | ||